000 00498nam a2200193Ia 4500
003 GCL
008 140319s9999 xx 000 0 eng d
040 _aGCL /
_cGCL
082 0 4 _a658
_bD C
100 1 _aDARTNELL
245 1 0 _aCLOSE IT RIGHT, RIGHT NOW: HOW TO CLOSE MORE SALES FAST /
_cDARTNELL
260 _a[S.N] :
_bTHE DATNELL COOPERATION ،
_c1995
300 _a146 P
650 0 4 _aMARKETING
650 0 4 _aSELLING
650 0 4 _aSALES MANAGEMENT
650 0 4 _aSALES
942 _2ddc
_cBK
999 _c15020
_d15020